000 00684nam a2200241 i 4500
001 C2-0301155
003 PPAK
005 20180728082526.0
008 091206s2005 nyua|||| ||||| | eng d
020 _a0762106069
040 _aPPAK
_beng
_cPPAK
_erda
082 0 4 _a154.63
_223
090 0 0 _a154.63
_bCRI
_dR
100 1 _aCrisp,Tony,
_eauthor
245 1 0 _aYour Dream Interpreter
264 1 _aPleasantville, New York :
_bReader's Digest Association ,
_c2005
300 _a224 pages :
_bcolour illustrations ;
_c24 cm
336 _2rdacontent
_atext
337 _2rdamedia
_aunmediated
338 _2rdacarrier
_avolume
650 1 0 _aDreams interpretation
942 _ddc
_cB
999 _c104971
_d104971